Detalles MARC
| 000 -LEADER |
| fixed length control field |
01507nam a2200397Ii 4500 |
| 001 - CONTROL NUMBER |
| control field |
DIGUAL0060 |
| 003 - CONTROL NUMBER IDENTIFIER |
| control field |
NyNyDIG |
| 006 - FIXED-LENGTH DATA ELEMENTS--ADDITIONAL MATERIAL CHARACTERISTICS |
| fixed length control field |
m o d |
| 007 - PHYSICAL DESCRIPTION FIXED FIELD--GENERAL INFORMATION |
| fixed length control field |
cr ||||||||||| |
| 008 - FIXED-LENGTH DATA ELEMENTS--GENERAL INFORMATION |
| fixed length control field |
130201s1998 sp ob 000 0 cat |
| 020 ## - INTERNATIONAL STANDARD BOOK NUMBER |
| Canceled/invalid ISBN |
8479084286 |
| 020 ## - INTERNATIONAL STANDARD BOOK NUMBER |
| Canceled/invalid ISBN |
9788479084288 |
| 035 ## - SYSTEM CONTROL NUMBER |
| System control number |
(OCoLC)888281357 |
| 040 ## - CATALOGING SOURCE |
| Original cataloging agency |
DGITA |
| Language of cataloging |
eng |
| Description conventions |
pn |
| Transcribing agency |
DGITA |
| 050 14 - LIBRARY OF CONGRESS CALL NUMBER |
| Classification number |
PC3937.M4 eBook |
| 100 1# - MAIN ENTRY--PERSONAL NAME |
| Personal name |
Manzanaro i Blasco, Josep Miquel. |
| 245 10 - TITLE STATEMENT |
| Title |
Fortuna en el "Tirant lo Blanch" i en el "Curial e Güelfa" / |
| Statement of responsibility, etc. |
Josep Miquel Manzanaro i Blasco. |
| 264 #1 - PRODUCTION, PUBLICATION, DISTRIBUTION, MANUFACTURE, AND COPYRIGHT NOTICE |
| Place of production, publication, distribution, manufacture |
Alicante : |
| Name of producer, publisher, distributor, manufacturer |
Publicaciones de la Universidad de Alicante, |
| Date of production, publication, distribution, manufacture, or copyright notice |
1998. |
| 300 ## - PHYSICAL DESCRIPTION |
| Extent |
1 online resource (164 pages) |
| 336 ## - CONTENT TYPE |
| Content type term |
text |
| Content type code |
txt |
| Source |
rdacontent |
| 337 ## - MEDIA TYPE |
| Media type term |
computer |
| Media type code |
c |
| Source |
rdamedia |
| 338 ## - CARRIER TYPE |
| Carrier type term |
online resource |
| Carrier type code |
cr |
| Source |
rdacarrier |
| 490 1# - SERIES STATEMENT |
| Series statement |
Publicaciones de la Universidad de Alicante. |
| 504 ## - BIBLIOGRAPHY, ETC. NOTE |
| Bibliography, etc. note |
Includes bibliographical references (p. 153-164). |
| 600 10 - SUBJECT ADDED ENTRY--PERSONAL NAME |
| Personal name |
Martorell, Joanot, |
| Dates associated with a name |
d. 1468. |
| Title of a work |
Tirant lo Blanch. |
| 600 10 - SUBJECT ADDED ENTRY--PERSONAL NAME |
| Personal name |
Martorell, Joanot, |
| Dates associated with a name |
d. 1468. |
| Title of a work |
Curial e Güelfa. |
| 600 10 - SUBJECT ADDED ENTRY--PERSONAL NAME |
| Personal name |
Martorell, Joanot, |
| Dates associated with a name |
d. 1468 |
| General subdivision |
Criticism and interpretation. |
| 650 #0 - SUBJECT ADDED ENTRY--TOPICAL TERM |
| Topical term or geographic name entry element |
Fortune in literature. |
| 655 #0 - INDEX TERM--GENRE/FORM |
| Genre/form data or focus term |
Electronic books. |
| 791 2# - |
| -- |
Digitalia (Firm), |
| -- |
distributor. |
| 793 0# - |
| -- |
Digitalia eBook Collection: |
| -- |
Univ. de Alicante. |
| 830 #0 - SERIES ADDED ENTRY--UNIFORM TITLE |
| Uniform title |
Publicaciones de la Universidad de Alicante. |
| 856 40 - ELECTRONIC LOCATION AND ACCESS |
| Materials specified |
Digitalia Hispánica |
| Uniform Resource Identifier |
<a href="https://www.digitaliapublishing.com/a/655/">https://www.digitaliapublishing.com/a/655/</a> |
| 910 ## - USER-OPTION DATA (OCLC) |
| User-option data |
Premium Collection: 2007-2012 |
| 942 ## - ADDED ENTRY ELEMENTS (KOHA) |
| Koha item type |
Recurso Electrónico |